000 00549 a2200133 4500
082 _aMS-IT-9
100 _aSauleha Javed Durrani
_999064
245 _aEnhancing Dspace with multi-faceted search: the case of Dspace at SEECS-NUST-Pakistan
_cSauleha Javed Durrani
260 _aIslamabad
_bNUST-SEECS
_c2011
300 _a83p.
_b;ill.
_c;27cm.+
_eCD ROM
500 _aSupervisors: Dr. Shafirullah Khan, Dr. Khalid Latif, Mr. Aatif Kamal, Mr. Muhammad Bilal
856 _uhttp://10.250.8.41:8080/xmlui/handle/123456789/32210
942 _cPR
_kMS-IT-9 SAU
_2ddc
999 _c11358
_d11358